MARC details
| 000 -CABECERA |
| campo de control de longitud fija |
01017nam a2200253 a 4500 |
| 001 - NÚMERO DE CONTROL |
| campo de control |
000022906 |
| 005 - FECHA Y HORA DE LA ÚLTIMA TRANSACCIÓN |
| campo de control |
20200930021852.0 |
| 008 - DATOS DE LONGITUD FIJA--INFORMACIÓN GENERAL |
| campo de control de longitud fija |
101122s1993 ag r 000 0 spa d |
| 020 ## - NÚMERO INTERNACIONAL ESTÁNDAR DEL LIBRO |
| Número Internacional Estándar del Libro |
9506942889 |
| 040 ## - FUENTE DE LA CATALOGACIÓN |
| Centro catalogador/agencia de origen |
DO-SdBNP |
| Lengua de catalogación |
spa |
| Centro/agencia transcriptor |
BNPHU |
| 082 ## - NÚMERO DE LA CLASIFICACIÓN DECIMAL DEWEY |
| Número de clasificación |
070.4 |
| Número de documento/Ítem |
C678c |
| 100 1# - ENTRADA PRINCIPAL--NOMBRE DE PERSONA |
| Nombre de persona |
Cohn, Victor |
| 9 (RLIN) |
47082 |
| 245 10 - MENCIÓN DE TÍTULO |
| Título |
Ciencia, periodismo y público : |
| Resto del título |
una guía para entender el lenguaje de las estadísticas / |
| Mención de responsabilidad, etc. |
Victor Cohn ; traducción de Cristina Piña ; prólogo Frederick Mosteller. |
| 260 ## - PUBLICACIÓN, DISTRIBUCIÓN, ETC. |
| Lugar de publicación, distribución, etc. |
Buenos Aires, (Argentina) : |
| Nombre del editor, distribuidor, etc. |
Grupo Editor Latinoamericano, |
| Fecha de publicación, distribución, etc. |
1993. |
| 490 0# - MENCIÓN DE SERIE |
| Mención de serie |
Temas |
| 534 ## - NOTA SOBRE LA VERSIÓN ORIGINAL |
| Encabezamiento principal del original |
Título original en inglés: |
| Mención de título del original |
News & numbers. A guide to reporting statistical claims and controversies in health and other fields. |
| 650 #4 - PUNTO DE ACCESO ADICIONAL DE MATERIA--TÉRMINO DE MATERIA |
| Término de materia o nombre geográfico como elemento de entrada |
Periodismo |
| 9 (RLIN) |
29 |
| 650 #4 - PUNTO DE ACCESO ADICIONAL DE MATERIA--TÉRMINO DE MATERIA |
| Término de materia o nombre geográfico como elemento de entrada |
Periodismo científico |
| 9 (RLIN) |
47083 |
| 650 #4 - PUNTO DE ACCESO ADICIONAL DE MATERIA--TÉRMINO DE MATERIA |
| Término de materia o nombre geográfico como elemento de entrada |
Periodismo educativo |
| 9 (RLIN) |
47084 |
| 650 #4 - PUNTO DE ACCESO ADICIONAL DE MATERIA--TÉRMINO DE MATERIA |
| Término de materia o nombre geográfico como elemento de entrada |
Periodismo |
| Subdivisión general |
Enseñanza |
| 9 (RLIN) |
47085 |
| 700 1# - PUNTO DE ACCESO ADICIONAL--NOMBRE DE PERSONA |
| Nombre de persona |
Piña, Cristina |
| Término indicativo de función/relación |
tr. |
| 9 (RLIN) |
47086 |
| 700 1# - PUNTO DE ACCESO ADICIONAL--NOMBRE DE PERSONA |
| Nombre de persona |
Mosteller, Frederick |
| Término indicativo de función/relación |
pról. |
| 9 (RLIN) |
47087 |
| 830 #0 - PUNTO DE ACCESO ADICIONAL DE SERIE-TÍTULO UNIFORME |
| Título uniforme |
Temas |
| 9 (RLIN) |
9064 |